Một số vấn đề thực tiễn về đạo Tin lành ở các dân tộc thiểu số vùng Tây Bắc Việt Nam /

Đã lưu trong:
Sonraí Bibleagrafaíochta
Príomhúdar: Nguyễn Văn Minh.
Formáid: Bài viết
Teanga:Vietnamese
Ábhair:
Clibeanna: Cuir Clib Leis
Gan Chlibeanna, Bí ar an gcéad duine leis an taifead seo a chlibeáil!
Thư viện lưu trữ: Thư viện Trường Đại học Đà Lạt
LEADER 00848nam a2200277 4500
001 DLU130147599
005 ##20130515
040 # # |a DLU  |b vie 
041 # # |a vie 
044 # # |a vn 
100 # # |a Nguyễn Văn Minh. 
245 # # |a Một số vấn đề thực tiễn về đạo Tin lành ở các dân tộc thiểu số vùng Tây Bắc Việt Nam /  |c Nguyễn Văn Minh, Hồ Ly Giang. 
653 # # |a Đạo Tin Lành 
653 # # |a Tín đồ 
653 # # |a Truyền giáo 
773 # # |t Tạp chí Dân tộc học   |g Số 5(173), 2011, tr. 3-14 
920 # # |a Phòng Tạp chí -- Trung tâm Thông tin - Thư viện Trường Đại học Đà Lạt 
994 # # |a DLU 
900 # # |a True 
911 # # |a Nguyễn Thị Linh Chi 
925 # # |a G 
926 # # |a A 
927 # # |a BB 
980 # # |a Thư viện Trường Đại học Đà Lạt